Statistics for Game of Thrones - Jenny of Oldstones Lyrics Quiz

Click here to take the quiz!

General Stats

  • This quiz has been taken 122 times
  • The average score is 15 of 18

Answer Stats

Answer% Correct
And she never wanted to {leave}
95%
And she never wanted to {leave}
95%
She couldn't remember their {names}
95%
she never wanted to {leave} (repeat 3x)
95%
she never wanted to {leave} (repeat 3x)
95%
And the ones who had {loved} her the most
94%
Jenny would dance with her {ghosts}
94%
From winter to {summer} and winter again
90%
The ones she had {lost}
88%
And the ones she had {found}
84%
High in the halls of the {kings} who are gone
84%
Spun away all her sorrow and {pain}
83%
They danced through the {day}
82%
'Til the walls did {crumble} and fall
78%
They spun her around on the damp old {stone}
77%
that swept through the {hall}
73%
The ones who'd been gone for so {very long}
73%
And into the night through the {snow}
45%

Score Distribution

Percentile by Number Answered

Percent of People with Each Score

Your Score History

You have not taken this quiz